000 00428nam a2200145Ia 4500
008 230917s9999||||xx |||||||||||||| ||und||
040 _e205925
_aMAIN
041 _aEnglish
082 _a327 G41D
100 _aGill, Parmjit Kaur
245 0 _aDynamics of International relations: Moving from international to global theory and issues
260 _aNew Delhi
_bAtlantic Publishers
_c2012
300 _ax, 307 p.
942 _cBK
999 _c174762
_d174762